| 000 | 00686nam a2200217 i 4500 | ||
|---|---|---|---|
| 001 | 37615 | ||
| 003 | ES-MaACL | ||
| 005 | 20250824063031.0 | ||
| 007 | t| | ||
| 008 | 030221s1978 sp ||||1| spa d | ||
| 100 | 1 |
_aButton, Leslie. _932973 |
|
| 245 | 1 | 0 |
_aAcción tutorial con grupos / _cLeslie Button ; [traducción de Montserrat Santos Sanz]. |
| 260 |
_a[Salamanca] : _bAnaya, _c[1978] |
||
| 300 |
_a213 p. ; _c22 cm. |
||
| 490 | 1 |
_aCiencias de la educación (Anaya) _9231470 |
|
| 700 | 1 |
_aSantos Sanz, Montserrat. _9103534 |
|
| 830 | 0 |
_aCiencias de la educación (Anaya) _9231470 |
|
| 852 |
_aES-MaACL _jA-8842 _bR.97886 |
||
| 942 | _2udc | ||
| 999 |
_c37615 _d37615 |
||